| 000 | 00579nam a2200193 a 4500 | ||
|---|---|---|---|
| 005 | 20241029063713.0 | ||
| 008 | 030929s1994 es r 000 0 spa d | ||
| 020 | _a8472781461 | ||
| 035 | _aUPN01000129314 | ||
| 049 | _aCG | ||
| 050 | 4 |
_aGV361 _bE3.8 |
|
| 245 | 0 | 3 |
_aLa educación física y su didáctica / _cdir. Pedro Manuel Alonso Marañón. |
| 260 |
_aMadrid : _bICCE, _c1994. |
||
| 300 | _a230 p. | ||
| 440 | 0 | _aFormación de educadores | |
| 650 | 4 |
_aEducación física _xEstudio y enseñanza _94839 |
|
| 700 | 1 |
_aAlonso Marañon, Pedro Manuel, _edir. |
|
| 905 | _aLibro | ||
| 999 |
_c101486 _d101486 |
||